| 000 | 01339nam0a22003131 4500 | ||
|---|---|---|---|
| 001 | rc\3964211 | ||
| 005 | 20260406090600.0 | ||
| 021 |
_aRU _b[55-18397] |
||
| 035 | _a(NLR Aleph) 008051960 | ||
| 090 |
_a8947350 _c8947350 |
||
| 100 | _a20130415d1955 |||y0rusy50 ca | ||
| 101 | 0 | _arus | |
| 102 | _aRU | ||
| 105 | _aa z ||||| | ||
| 200 | 1 |
_aЗа высокую производительность труда на сборке машин _e[Механо-сборочный цех завода "Русский дизель" _fЛит. запись И.И. Ильина] |
|
| 210 |
_aЛенинград _cЛениздат _d1955 |
||
| 215 |
_a28 с. _cил. _d17 |
||
| 225 | 1 | _aНоваторы Ленинградской промышленности | |
| 300 | _aНа обл. авт. не указан | ||
| 300 | _aНа обл. загл.: Слесарь-сборщик К.В. Казанков | ||
| 512 | 0 | _aСлесарь-сборщик К.В. Казанков | |
| 606 |
_aСлесарно-сборочные работы _2psbo |
||
| 700 | 1 |
_aКазанков _bК. _gКонстантин |
|
| 702 | 1 |
_4570 _7ca _8rus _aИльин _bИ. И. _cжурналист _gИван Ильич _92653082 _3RU\NLR\AUTH\770281115 |
|
| 801 | 0 |
_aRU _bNLR _gpsbo |
|
| 801 | 1 |
_aRU _bELAR _2rusmarc |
|
| 852 |
_aNLR _jТ36 Г-2/495 |
||
| 942 | _cBOOK | ||
| 980 | _aNB | ||